Core concepts in health

שמור ב:
מידע ביבליוגרפי
פורמט: ספר
שפה:Undetermined
יצא לאור: Boston, MA. McGraw-Hill 2004
נושאים:
תגים: הוספת תג
אין תגיות, היה/י הראשונ/ה לתייג את הרשומה!
Thư viện lưu trữ: Trung tâm Học liệu Trường Đại học Cần Thơ
LEADER 00579nam a2200193Ia 4500
001 CTU_130759
008 210402s9999 xx 000 0 und d
082 |a 613 
082 |b C797 
245 0 |a Core concepts in health 
245 0 |c Edited by Paul M. Insel, Walton T. Roth ; Kirstan Price, developmental editor 
260 |a Boston, MA. 
260 |b McGraw-Hill 
260 |c 2004 
650 |a Health 
650 |x Handbooks, manuals, etc. 
904 |i Minh 
910 |a Sách kèm đĩa AV.005181, AV.005179 
980 |a Trung tâm Học liệu Trường Đại học Cần Thơ